| 000 | 00492nam a22001577a 4500 | ||
|---|---|---|---|
| 008 | 220209b |||||||| |||| 00| 0 eng d | ||
| 082 | _aN495.5103/Bh588n | ||
| 100 | _aBhattarai, Shivaprasad | ||
| 245 | _aNepali shabdasagarma kosh baigyanik suchana | ||
| 260 |
_aKathmandu; _bCentral Department of Nepali, _c2070BS |
||
| 300 | _bJa, 169p. | ||
| 502 | _aThesis (M. Phil. in Nepali) ,TU | ||
| 504 | _aBibliography: p. 164-168 | ||
| 650 | _aNepali Language -Dictionary | ||
| 942 |
_2ddc _cNCD |
||
| 999 |
_c103334 _d103322 |
||